[Event "Olympiad-39"]
[Site "Khanty-Mansiysk"]
[Date "2010.09.22"]
[Round "2.4"]
[White "Stellwagen, Daniel"]
[Black "Iljiushenok, Ilia"]
[Result "0-1"]
[WhiteElo "2635"]
[BlackElo "2412"]
[PlyCount "72"]
[EventDate "2010.09.21"]
[EventType "team-swiss"]
[EventRounds "11"]
[EventCountry "RUS"]
[SourceTitle "CBM 139"]
[Source "ChessBase"]
[SourceDate "2010.11.18"]
[SourceVersion "1"]
[SourceVersionDate "2010.11.18"]
[SourceQuality "1"]
[WhiteTeam "Netherlands"]
[BlackTeam "Russia IV"]
[WhiteTeamCountry "NED"]
[BlackTeamCountry "RUS"]

1. e4 c5 2. Nf3 Nc6 3. d4 cxd4 4. Nxd4 g6 5. c4 Nf6 6. Nc3 d6 7. Nc2 Bg7 8. Be2 0-0 9. 0-0 Nd7 10. Bd2 Nc5 11. f3 f5 12. b4 Ne6 13. exf5 Rxf5 14. Nd5 Ned4 15. Bd3 Nxc2 16. Bxc2 Bxa1 17. Qxa1 Rf7 18. Bc3 Be6 19. Be4 Bf5 20. Re1 Bxe4 21. Rxe4 e5 22. f4 Ne7 23. fxe5 Nxd5 24. cxd5 dxe5 25. Rxe5 Qb6+ 26. Bd4 Qxb4 27. h3 Raf8 28. Qc3 Qxc3 29. Bxc3 Rc8 30. Bd4 b6 31. d6 Rd7 32. Re6 Rc2 33. Rf6 Re2 34. Kf1 Re4 35. Bc3 Rf7 36. g3 Re6 0-1

[Event "EU-chT (Men) 17th"]
[Site "Novi Sad"]
[Date "2009.10.28"]
[Round "7"]
[White "Stellwagen, Daniel"]
[Black "Markus, Robert"]
[Result "1-0"]
[WhiteElo "2630"]
[BlackElo "2608"]
[PlyCount "57"]
[EventDate "2009.10.22"]
[EventType "team-swiss"]
[EventRounds "9"]
[EventCountry "YUG"]
[SourceTitle "CBM 133"]
[Source "ChessBase"]
[SourceDate "2009.11.19"]
[SourceVersion "1"]
[SourceVersionDate "2009.11.19"]
[SourceQuality "1"]
[WhiteTeam "Netherlands"]
[BlackTeam "Serbia"]
[WhiteTeamCountry "NED"]
[BlackTeamCountry "YUG"]

1. e4 c5 2. Nf3 e6 3. d4 cxd4 4. Nxd4 a6 5. Nc3 Qc7 6. Bd3 Nf6 7. f4 d6 8. g4 Nc6 9. Nxc6 bxc6 10. g5 Nd7 11. Qf3 Rb8 12. b3 d5 13. Bb2 d4 14. Ne2 Bb4+ 15. c3 dxc3 16. Nxc3 c5 17. 0-0 0-0 18. Ne2 Bb7 19. Ng3 f5 20. gxf6 Nxf6 21. Bc4 Rbe8 22. f5 Bc8 23. Nh5 Nxh5 24. Qxh5 Re7 25. fxe6 Rxf1+ 26. Rxf1 Bxe6 27. Qf5 Bf7 28. e5 Qd7 29. Qxd7 1-0

[Event "EU-chT (Men) 17th"]
[Site "Novi Sad"]
[Date "2009.10.27"]
[Round "6"]
[White "Fressinet, Laurent"]
[Black "Stellwagen, Daniel"]
[Result "1/2-1/2"]
[WhiteElo "2658"]
[BlackElo "2630"]
[PlyCount "126"]
[EventDate "2009.10.22"]
[EventType "team-swiss"]
[EventRounds "9"]
[EventCountry "YUG"]
[SourceTitle "CBM 133"]
[Source "ChessBase"]
[SourceDate "2009.11.19"]
[SourceVersion "1"]
[SourceVersionDate "2009.11.19"]
[SourceQuality "1"]
[WhiteTeam "France"]
[BlackTeam "Netherlands"]
[WhiteTeamCountry "FRA"]
[BlackTeamCountry "NED"]

1. d4 Nf6 2. c4 g6 3. Nc3 Bg7 4. e4 d6 5. Nf3 0-0 6. Be2 e5 7. Be3 Ng4 8. Bg5 f6 9. Bh4 g5 10. Bg3 Nh6 11. c5 g4 12. Nh4 Nc6 13. cxd6 cxd6 14. dxe5 fxe5 15. 0-0 Bf6 16. Nf5 Nxf5 17. exf5 Bxf5 18. Bxg4 Bg6 19. Bh5 Bf5 20. Qd5+ Kh8 21. Rfd1 Nd4 22. Nb5 Nxb5 23. Qxb5 Qe7 24. Bf3 Rfd8 25. Rd2 Rd7 26. Rad1 Rad8 27. h3 Qg7 28. Qb4 Be7 29. Bg4 Bxg4 30. hxg4 d5 31. Qa5 b6 32. Qb5 Bc5 33. Qe2 e4 34. Bh4 Be7 35. Bxe7 Qxe7 36. Rd4 Qg5 37. f3 exf3 38. gxf3 Re7 39. Qd2 Qe5 40. Rf4 d4 41. Re4 Qg3+ 42. Qg2 Qc7 43. Rxe7 Qxe7 44. Qd2 Qd6 45. Kg2 d3 46. Qc3+ Kg8 47. Rd2 a5 48. Qc4+ Kg7 49. Qb5 h6 50. Qc4 Kf6 51. Qc3+ Kg6 52. Qc4 Qe5 53. f4 Qe3 54. Qc6+ Kf7 55. Qc7+ Ke8 56. Qe5+ Qxe5 57. fxe5 Ke7 58. Kf3 Ke6 59. Ke4 Rd5 60. a4 Rxe5+ 61. Kxd3 Rg5 62. Rh2 Rxg4 63. Rxh6+ Kd5 1/2-1/2

[Event "Amsterdam NH Hotels 4th"]
[Site "Amsterdam"]
[Date "2009.08.24"]
[Round "5"]
[White "Beliavsky, Alexander G"]
[Black "Stellwagen, Daniel"]
[Result "1-0"]
[WhiteElo "2662"]
[BlackElo "2630"]
[PlyCount "123"]
[EventDate "2009.08.20"]
[EventType "schev"]
[EventRounds "10"]
[EventCountry "NED"]
[SourceTitle "CBM 132"]
[Source "ChessBase"]
[SourceDate "2009.09.16"]
[SourceVersion "1"]
[SourceVersionDate "2009.09.16"]
[SourceQuality "1"]

1. c4 Nf6 2. Nc3 g6 3. e4 d6 4. d4 Bg7 5. h3 0-0 6. Bg5 Na6 7. Nge2 e5 8. d5 c6 9. g4 cxd5 10. cxd5 b5 11. Ng3 b4 12. Nb1 Nc5 13. Nd2 Bd7 14. Bc4 Qb6 15. Qf3 Ne8 16. 0-0 Nc7 17. Rfc1 Rfc8 18. Be3 Nb5 19. Bxb5 Qxb5 20. Nc4 Qa6 21. Bd2 Bb5 22. b3 Nb7 23. a3 bxa3 24. Rxa3 Bxc4 25. Rxa6 Bxa6 26. Rxc8+ Rxc8 27. Qe3 Ra8 28. Qc3 Bb5 29. b4 f6 30. Qc7 Nd8 31. g5 a6 32. gxf6 Bxf6 33. Qxd6 Bg7 34. Qc7 Nf7 35. Be3 Rd8 36. Bc5 Rd7 37. Qb8+ Rd8 38. Qb6 Rd7 39. h4 Bh6 40. Qf6 Bg7 41. Qe6 Rd8 42. h5 Re8 43. Qg4 Nh6 44. Qh3 Nf7 45. Kg2 Bf6 46. Qg4 Nh6 47. Qf3 Kg7 48. Nf1 Nf7 49. Nh2 Ng5 50. h6+ Kf7 51. Qg4 Kg8 52. Be3 Nf7 53. Qf3 Be7 54. Ng4 Rf8 55. Qg3 Bd3 56. Bc5 Bxe4+ 57. f3 Bxc5 58. bxc5 Bf5 59. Nxe5 Nxh6 60. Qh4 Nf7 61. Nxf7 Rxf7 62. c6 1-0

[Event "FRA-chT Top 16 GpB"]
[Site "France"]
[Date "2009.04.30"]
[Round "4"]
[White "Stellwagen, Daniel"]
[Black "Roos, Daniel"]
[Result "1-0"]
[WhiteElo "2619"]
[BlackElo "2425"]
[PlyCount "111"]
[EventDate "2009.03.20"]
[EventType "team"]
[EventRounds "7"]
[EventCountry "FRA"]
[SourceTitle "CBM 129 Extra"]
[Source "ChessBase"]
[SourceDate "2009.05.05"]
[SourceVersion "2"]
[SourceVersionDate "2009.05.20"]
[SourceQuality "1"]

1. e4 c5 2. Nf3 d6 3. c3 Nf6 4. h3 Nc6 5. Bd3 d5 6. e5 Nd7 7. Bb5 Qb6 8. Qa4 e6 9. d3 Ndb8 10. c4 a6 11. Nc3 d4 12. Ne4 Bd7 13. 0-0 Ra7 14. Bxc6 Bxc6 15. Qd1 Bxe4 16. dxe4 Qc6 17. b4 b6 18. bxc5 bxc5 19. Rb1 Nd7 20. Ba3 Be7 21. Qd3 Qc7 22. Qb3 h5 23. h4 Qd8 24. g3 0-0 25. Qa4 Qa8 26. Rfe1 Rc8 27. Bc1 Qc6 28. Qxc6 Rxc6 29. Bf4 Bd8 30. Rb3 Rb6 31. Reb1 Rxb3 32. Rxb3 Bc7 33. Kf1 Kf8 34. Ke2 Ke8 35. Kd3 Nf8 36. Bc1 Nd7 37. Bf4 Kd8 38. Ng5 Ke7 39. Nf3 f6 40. exf6+ gxf6 41. Ke2 e5 42. Bd2 Ra8 43. Nh2 Ke6 44. g4 hxg4 45. Nxg4 Rh8 46. Nh6 Ba5 47. Ra3 Bxd2 48. Rxa6+ Ke7 49. Nf5+ Kf7 50. Ra7 Ke6 51. Kxd2 Rb8 52. h5 Rb2+ 53. Ke1 d3 54. h6 Re2+ 55. Kd1 Rxf2 56. h7 1-0